000 00899am a2200289a 44500
003 AR-BaBNM
005 20251128211041.0
008 302020s1993 #AR|||||||||||000 | ing||
020 _a0-15-500099-3
040 _cAR-BaBNM
100 1 _aHanna, Gerald S.
245 1 0 _aBetter teaching through better measurement
260 _aFort Worth
_bHarcourt Brace Jovanovich College
_c1993
300 _a559 p.
_btablas
500 _aContiene apéndices, índice de nombres e índice temático
504 _aContiene referencias bibliográficas al final de cada capítulo
650 4 _aPRUEBAS DE DIAGNOSTICO
650 4 _aPROGRAMAS DE EDUCACION
650 4 _aRENDIMIENTO DEL ALUMNO
651 4 _aEstados Unidos
653 _aGESTION EDUCATIVA
653 _aPLANEAMIENTO EDUCATIVO
653 _aEVALUACION EDUCATIVA
653 _aINDICADORES EDUCATIVOS
942 _cBK
998 _craquel
999 _c18008
_d18008